| LEADER 00000nam 2200000uu 4500 |
| 001 211389 |
| 003 ULIBM |
| 008 020711s2016 th a 000 0 tha d |
| 020 9786169227816
|
| 041 ^aeng
|
| 060 4 W18 E24 2016
|
| 245 Education reform of health professionals for the 21st century : a situation analysis in Thailand :^bการปฏิรูปการศึกษาวิชาชีพสุขภาพในศตวรรษที่ 21 : การวิเคราะห์สถานการณ์ในประเทศไทย/^ceditors,Pisake Lumbiganon,Wanicha Chuenkongkaew,Weerasak Putthasri.
|
| 246 30 ^aการปฏิรูปการศึกษาวิชาชีพสุขภาพในศตวรรษที่ 21 : การวิเคราะห์สถานการณ์ในประเทศไทย
|
| 260 Nonthaburi,Thailand :^bThe Health Professional Education Foundation (NHPE),^c2016
|
| 300 99 p. :^bill ;^c29 cm.
|
| 650 4 Education,Medical^xstandards^zThailand
|
| 650 4 ^a Education, Professional^xstandards^zThailand
|
| 700 0 ^aLumbiganon, Pisake,^eed.
|
| 700 0 ^aChuenkongkaew, Wanicha,^eed.
|
| 700 0 ^aPutthasri, Weerasak,^eed.
|
| 999 ^aใช้งานได้ทุกระบบ
|